000 00461nam a2200181Ia 4500
008 240925s9999 xx 000 0 und d
020 _a1857430026
082 _a370.196 EUR
100 _aEuropa Publications
245 4 _aThe World of Learning
250 _a45th
260 _aLondon:
_bEurope Publication
_c,1995.
300 _axxvii,773p.
_bNA
_fOriginal
500 _aReferences
600 _aSocial Sciences
650 _aSocial Sciences
942 _cBK
999 _c2757
_d2757